Tous les Pays ayant gagnée la coupe du monde de Foot (France...) - Statistiques

Statistiques générales
  • Ce quiz a été pris 133 fois
  • Le résultat moyen est 8 sur 8
Statistiques - réponses
Nombres Pays % Correct
2 France
100%
5 Brésil
98%
1 Espagne
98%
4 Italie
98%
4 Allemagne
97%
3 Argentine
97%
1 Angleterre
88%
2 Uruguay
88%
Aucun quiz correspondant
Distribution des résultats
% des personnes avec chaque résultat
Percentile par nombre de réponses
Votre historique - résultats
Vous n’avez pas pris ce quiz